000 01023cam a2200313 a 4500
001 112332
003 GBCCL
005 20241126110342.0
008 031203m20049999miu b 001 0 eng
010 _a 2003064346
020 _a9780802845078 (v. 2 : pbk : alk. paper)
020 _a9780802845061 (v. 1)
035 _a(OCoLC)ocm53880158
040 _aDLC
_cDLC
_dC#P
_dLBB
042 _apcc
049 _aLBBK
_v1-2
_aLBBA
_v1
050 0 0 _aBS2575.53
_b.B78 2004
082 0 0 _a226.2077
_222
_bBRU
090 _aBS2575.53
_b.B78 2004
100 1 _aBruner, Frederick Dale.
_92881
245 1 0 _aMatthew :
_ba commentary /
_cFrederick Dale Bruner.
250 _aRev. and expanded ed.
260 _aGrand Rapids, Mich. :
_bW.B. Eerdmans Pub. Co.,
_c<c2004- >
300 _av. <2> ;
_c25 cm.
504 _aIncludes bibliographical references and indexes.
505 1 _av.1. The Christbook, Matthew 1-12 -- v. 2. The Churchbook, Matthew 13-28
630 0 0 _aBible.
_pN.T.
_pMatthew
_vCommentaries.
_92882
942 _2ddc
_cREF
999 _c648
_d648